000 00296nam a22001337a 4500
008 190225b xxu||||| |||| 00| 0 eng d
020 _a9780070251304
041 _aeng
080 _22nd
_a510
100 _a38
101 _aMAT
245 _aA Mathematical Journey
_cGudder, S
942 _2udc
_cBK
999 _c54238
_d54238